| 000 | 00581nam a22001937a 4500 | ||
|---|---|---|---|
| 003 | OSt | ||
| 005 | 20180116183032.0 | ||
| 008 | 151222b xxu||||| |||| 00| 0 eng d | ||
| 020 | _a05-249-96-1 | ||
| 024 | _205-249-96-1 | ||
| 040 | _cLahore LUMS | ||
| 082 | _a 174.4 LUM 1996 | ||
| 100 | _aQureshi Z I | ||
| 245 |
_aPERFORMANCE APPRAISAL AT ICI (PAKISTAN) LIMITED (D) _cQureshi Z I |
||
| 260 |
_aLahore LUMS _b Lahore University of Management Sciences _c1996 |
||
| 300 |
_a02 p. _bPapers |
||
| 440 | _aPERFORMANCE APPRAISAL AT ICI (PAKISTAN) LIMITED (D) | ||
| 942 |
_2ddc _cCS |
||
| 999 |
_c351074 _d351074 |
||